000
00344 a2200169 4500
001
184848
020
_a
85-322-3801-07
040
_c
Magnum
100
_a
RennĂ³, Regina Coeli
240
1
0
_a
500 Anos
_l
por
245
1
0
_a
500 Anos
300
_a
35
362
0
_a
1999
440
1
_a
FTD
697
_a
LITERATURA INFANTO-JUVENIL
942
_c
BK
999
_c
184848
_d
184848